| 000 | 00474nam a22001937a 4500 | ||
|---|---|---|---|
| 005 | 20170202141056.0 | ||
| 008 | 170131b xxu||||| |||| 00| 0 eng d | ||
| 020 |
_a0330367358 _c399 |
||
| 040 | _aLoreto College | ||
| 041 | _aEnglish | ||
| 082 |
_aF _bFIE |
||
| 100 | _aFielding,Helen | ||
| 245 |
_aBridget Jones _cHelen Fielding _bThe edge of reason |
||
| 260 |
_aLondon _bPicado _c1999 |
||
| 300 |
_a422p. _b22cm |
||
| 650 | _aFiction | ||
| 850 | _aLCLIB | ||
| 942 | _cBK | ||
| 999 |
_c40875 _d91354 |
||